LEADER 02484nam0 22004813i 450 001 VAN0218300 005 20230606025322.921 017 70$2N$a9783030133009 100 $a20210927d2019 |0itac50 ba 101 $aeng 102 $aCH 105 $a|||| ||||| 200 1 $aPracticing the Correspondence Principle in the Old Quantum Theory$ea Transformation through Implementation$fMartin Jähnert 210 $aCham$cSpringer$d2019 215 $axiii, 293 p.$cill.$d24 cm 410 1$1001VAN0128218$12001 $aArchimedes$eNew Studies in the History and Philosophy of Science and Technology$1210 $aCham [etc.]$cSpringer$d1997-$v56 500 1$3VAN0218301$aPracticing the Correspondence Principle in the Old Quantum Theory$92541885 606 $a81-XX$xQuantum theory [MSC 2020]$3VANC019967$2MF 606 $a01-XX$xHistory and biography [MSC 2020]$3VANC021469$2MF 606 $a01A60$xHistory of mathematics in the 20th century [MSC 2020]$3VANC021492$2MF 606 $a00A79 (77-XX)$xPhysics [MSC 2020]$3VANC023182$2MF 606 $a81P05$xGeneral and philosophical questions in quantum theory [MSC 2020]$3VANC023344$2MF 610 $aConceptual Development of the Correspondence Principle$9KW:K 610 $aCorrespondence Principle in Copenhagen$9KW:K 610 $aCorrespondence Principle in the Quantum Network$9KW:K 610 $aExtension of the Correspondence Principle$9KW:K 610 $aHistory of Quantum Mechanics$9KW:K 610 $aHund and the Non-deflection Hypothesis$9KW:K 610 $aHund and the Ramsauer Effect$9KW:K 610 $aNiels Bohr's Adaptive (Re-)Formulation$9KW:K 610 $aPractice of Theory and conceptual development$9KW:K 610 $aQuantum Theory and Quantum Mechanics$9KW:K 620 $aCH$dCham$3VANL001889 700 1$aJähnert$bMartin$3VANV185837$01064947 712 $aSpringer $3VANV108073$4650 801 $aIT$bSOL$c20240614$gRICA 856 4 $uhttp://doi.org/10.1007/978-3-030-13300-9$zE-book ? Accesso al full-text attraverso riconoscimento IP di Ateneo, proxy e/o Shibboleth 899 $aBIBLIOTECA DEL DIPARTIMENTO DI MATEMATICA E FISICA$1IT-CE0120$2VAN08 912 $fN 912 $aVAN0218300 950 $aBIBLIOTECA DEL DIPARTIMENTO DI MATEMATICA E FISICA$d08CONS e-book 3986 $e08eMF3986 20210927 996 $aPracticing the Correspondence Principle in the Old Quantum Theory$92541885 997 $aUNICAMPANIA